00554nam a22001337a 4500999001500000003000400015008004100019245005600060250006000116260002400176650002700200942001200227952018100239 c9515d9515OSt201203b ||||| |||| 00| 0 eng d aSadhana Academy Proceedings in Engineering Sciences a2012(Aug Vol.37 No.4, Oct Vol.37 No.5, Dec Vol.37 No.6) aBengalurubSpringer aMechanical Engineering 2ddccBV 00102ddc3Bound Volume40718BTECHMEaPIETbPIETd2020-12-09eSpringerh2012(Aug Vol.37 No.4, Oct Vol.37 No.5, Dec Vol.37 No.6)l0pBV160r2020-12-09 00:00:00w2012-01-09yBV